[Event "POL-chT 2nd League"]
[Site "Jastrzebia Gora"]
[Date "2022.09.07"]
[Round "5.88"]
[White "Bienias, Piotr"]
[Black "Kindler, Przemyslaw"]
[Result "0-1"]
[WhiteElo "1957"]
[BlackElo "1969"]
[PlyCount "124"]
[EventDate "2022.09.03"]
[EventType "team-swiss"]
[EventRounds "9"]
[EventCountry "POL"]
[SourceTitle "CBM 210 Extra"]
[Source "ChessBase"]
[SourceDate "2022.11.30"]
[SourceVersion "1"]
[SourceVersionDate "2022.11.30"]
[SourceQuality "1"]
[WhiteTeam "Wroclaw Hetman"]
[BlackTeam "Gdansk Korona"]
[WhiteTeamCountry "POL"]
[BlackTeamCountry "POL"]

1. e4 c5 2. Nf3 g6 3. c4 Bg7 4. d4 cxd4 5. Nxd4 Nc6 6. Be3 Nf6 7. Nc3 0-0 8. Be2 d6 9. f3 Re8 10. 0-0 Bd7 11. Qd2 b6 12. Rac1 Qc7 13. Nd5 Qb7 14. b4 Rac8 15. Nb3 Be6 16. a4 Ne5 17. Qa2 Nc6 18. Qa3 Bxd5 19. cxd5 Ne5 20. Nd4 e6 21. Nb5 Qe7 22. dxe6 fxe6 23. Bd4 Nf7 24. Rxc8 Rxc8 25. Rc1 Rxc1+ 26. Qxc1 d5 27. Qc8+ Bf8 28. Nc7 e5 29. Bc3 dxe4 30. Ne6 exf3 31. Bxf3 Nd7 32. Bd5 Qd6 33. Bb3 Qd3 34. Qc4 Qe3+ 35. Kf1 Nd6 36. Qd5 Nf6 37. Qd2 Qxd2 38. Bxd2 Nde4 39. Nxf8+ Kxf8 40. Be3 Ng4 41. Bc1 Nxh2+ 42. Ke2 Ng4 43. Kd3 Nd6 44. Bd1 Nf2+ 45. Ke2 Nxd1 46. Kxd1 Kf7 47. Ke2 a6 48. Bb2 Ke6 49. Kd3 Kd5 50. Bc1 e4+ 51. Kc3 b5 52. a5 Nf7 53. Be3 h5 54. Bc5 g5 55. Kd2 Ne5 56. Ke2 Nc4 57. Kf2 Nxa5 58. Be3 Nc6 59. Bd2 g4 60. Kg3 Kd4 61. Kh4 e3 62. Kxh5 Ke5 0-1

[Event "POL-chT 2nd League"]
[Site "Jastrzebia Gora"]
[Date "2022.09.04"]
[Round "2.94"]
[White "Bernat, Marcin"]
[Black "Bienias, Piotr"]
[Result "1/2-1/2"]
[WhiteElo "1905"]
[BlackElo "1957"]
[PlyCount "70"]
[EventDate "2022.09.03"]
[EventType "team-swiss"]
[EventRounds "9"]
[EventCountry "POL"]
[SourceTitle "CBM 210 Extra"]
[Source "ChessBase"]
[SourceDate "2022.11.30"]
[SourceVersion "1"]
[SourceVersionDate "2022.11.30"]
[SourceQuality "1"]
[WhiteTeam "Lipno Steszew"]
[BlackTeam "Wroclaw Hetman"]
[WhiteTeamCountry "POL"]
[BlackTeamCountry "POL"]

1. d4 Nf6 2. c4 e5 3. dxe5 Ng4 4. e3 Nxe5 5. Nh3 d6 6. Nf4 c6 7. Be2 Nbd7 8. Nc3 Nf6 9. b3 Qa5 10. Bd2 Qc7 11. 0-0 Bd7 12. Nh5 Nxh5 13. Bxh5 Be7 14. f4 Ng6 15. Ne4 f5 16. Ng3 Bf6 17. Rc1 0-0 18. Bb4 c5 19. Bc3 Nh4 20. Rf2 Bc6 21. Qd3 Bxc3 22. Qxc3 b6 23. Rd1 Rad8 24. Be2 Qb7 25. Bf1 Rf6 26. Qc2 Re8 27. Bd3 Rg6 28. Bxf5 Nxf5 29. Qxf5 Rxe3 30. Qc2 Qe7 31. Qd2 Rge6 32. Rdf1 Qf6 33. Rd1 Qe7 34. Rdf1 Qf6 35. Rd1 Qe7 1/2-1/2

[Event "POL-chT3 Dolnoslaskie 1718"]
[Site "Poland"]
[Date "2018.04.08"]
[Round "11.14"]
[White "Paprocki, Artur"]
[Black "Bienias, Piotr"]
[Result "1/2-1/2"]
[WhiteElo "1871"]
[BlackElo "1920"]
[PlyCount "72"]
[EventDate "2017.10.08"]
[EventType "team-tourn"]
[EventRounds "11"]
[EventCountry "POL"]
[SourceTitle "EXT 2019"]
[Source "ChessBase"]
[SourceDate "2018.10.10"]
[SourceVersion "1"]
[SourceVersionDate "2018.10.10"]
[SourceQuality "1"]

1. e4 c5 2. c4 Nc6 3. Nc3 g6 4. g3 Bg7 5. Bg2 d6 6. Nge2 Ne5 7. d3 Bg4 8. h3 Bf3 9. 0-0 Qd7 10. Bxf3 Nxf3+ 11. Kg2 Nd4 12. Nxd4 cxd4 13. Ne2 e6 14. b4 b5 15. cxb5 d5 16. f3 Ne7 17. a4 f5 18. Bb2 dxe4 19. dxe4 e5 20. Nc1 0-0 21. Nd3 fxe4 22. fxe4 Rxf1 23. Qxf1 Rf8 24. Qe2 Qb7 25. Nc5 Qa8 26. g4 Bh6 27. Rf1 Bf4 28. Qc4+ Kh8 29. Qe6 Qd8 30. Nd7 Qc7 31. Nxf8 Qc2+ 32. Rf2 Qxe4+ 33. Kg1 Qe1+ 34. Kg2 Qe4+ 35. Kg1 Qe1+ 36. Kg2 Qe4+ 1/2-1/2

[Event "POL-chT3 Dolnoslaskie 1718"]
[Site "Poland"]
[Date "2017.10.08"]
[Round "1.23"]
[White "Guziewicz, Wojciech"]
[Black "Bienias, Piotr"]
[Result "0-1"]
[WhiteElo "1792"]
[BlackElo "1920"]
[PlyCount "118"]
[EventDate "2017.10.08"]
[EventType "team-tourn"]
[EventRounds "11"]
[EventCountry "POL"]
[SourceTitle "EXT 2019"]
[Source "ChessBase"]
[SourceDate "2018.10.10"]
[SourceVersion "1"]
[SourceVersionDate "2018.10.10"]
[SourceQuality "1"]

1. e4 c5 2. Nf3 Nc6 3. Nc3 e5 4. Bc4 b6 5. a3 g5 6. h3 Bg7 7. d3 d6 8. Nd5 Nge7 9. Be3 Ng6 10. Qd2 Bd7 11. g3 Nd4 12. Bxd4 cxd4 13. h4 b5 14. Ba2 g4 15. h5 gxf3 16. hxg6 fxg6 17. 0-0-0 a5 18. Bb3 h5 19. Kb1 Bh6 20. Qe1 Kf8 21. c3 Kg7 22. cxd4 exd4 23. Rc1 Ra7 24. Rc2 Rf8 25. Qd1 Qb8 26. Rh4 Bg5 27. Rh1 Rb7 28. Qe1 Qa7 29. Ka1 Rfb8 30. Nf4 a4 31. Bd5 Rc7 32. Rxc7 Qxc7 33. Qd2 Kh6 34. Rc1 Qd8 35. Qb4 Qf6 36. Rc7 Rd8 37. Rxd7 Rxd7 38. Bc6 Bxf4 39. Bxd7 Bxg3 40. Bxb5 Bxf2 41. Bxa4 Be3 42. Qe1 f2 43. Qf1 Qg5 44. Bd1 Qg1 45. Be2 g5 46. Ka2 Qxf1 47. Bxf1 Bd2 48. b4 g4 49. Kb3 h4 50. a4 h3 51. a5 h2 52. a6 h1Q 53. a7 Qxf1 54. a8Q Qb1+ 55. Kc4 Qxb4+ 56. Kd5 Qc5+ 57. Ke6 Qe5+ 58. Kd7 Qg7+ 59. Kxd6 f1Q 0-1

[Event "POL-chT3 Dolnoslaskie 1617"]
[Site "Poland"]
[Date "2017.03.05"]
[Round "8.9"]
[White "Bienias, Piotr"]
[Black "Marko, Piotr"]
[Result "1/2-1/2"]
[WhiteElo "1938"]
[BlackElo "1734"]
[PlyCount "111"]
[EventDate "2016.10.16"]
[EventType "team-tourn"]
[EventRounds "11"]
[EventCountry "POL"]
[SourceTitle "EXT 2018"]
[Source "ChessBase"]
[SourceDate "2017.10.13"]
[SourceVersion "1"]
[SourceVersionDate "2017.10.13"]
[SourceQuality "1"]

1. b4 Nf6 2. Bb2 d5 3. g3 e6 4. a3 c5 5. bxc5 Bxc5 6. e3 Nc6 7. Nf3 Bd7 8. Bg2 Qc7 9. 0-0 0-0-0 10. d4 Bd6 11. c4 dxc4 12. Nbd2 b5 13. a4 a6 14. axb5 axb5 15. e4 e5 16. dxe5 Nxe5 17. Bd4 Bc6 18. Ra7 Bb7 19. Qa1 Nc6 20. e5 Nxa7 21. Bh3+ Nd7 22. exd6 Qxd6 23. Qxa7 f6 24. Bb6 Rde8 25. Rc1 Qc6 26. Nxc4 bxc4 27. Rxc4 Qxc4 28. Bxd7+ Kxd7 29. Qxb7+ Kd6 30. Qxg7 Ref8 31. Nd4 Rhg8 32. Qxh7 Rh8 33. Qg7 Qc1+ 34. Kg2 Qc4 35. Nf5+ Ke6 36. Nd4+ Kd6 37. Qa7 Qd5+ 38. f3 Rc8 39. g4 Qc4 40. Nf5+ Kc6 41. Ne7+ Kd6 42. Nxc8+ Qxc8 43. Qa3+ Ke6 44. Qb3+ Ke7 45. Bd4 Rd8 46. Qe3+ Kf7 47. Qf4 Qe6 48. g5 Rxd4 49. Qxd4 fxg5 50. Qe4 Qf6 51. Kg3 Kg7 52. Kg4 Kh6 53. Qe3 Kg6 54. Qd3+ Kh6 55. Qe3 Kg6 56. Qd3+ 1/2-1/2

[Event "POL-chT3 Dolnoslaskie 1415"]
[Site "Poland"]
[Date "2015.03.08"]
[Round "8.18"]
[White "Kaczmarczyk, Jakub"]
[Black "Bienias, Piotr"]
[Result "1/2-1/2"]
[WhiteElo "1589"]
[BlackElo "1963"]
[PlyCount "79"]
[EventDate "2014.10.26"]
[EventType "team-tourn"]
[EventRounds "11"]
[EventCountry "POL"]
[SourceTitle "EXT 2018"]
[Source "ChessBase"]
[SourceDate "2017.10.13"]
[SourceVersion "1"]
[SourceVersionDate "2017.10.13"]
[SourceQuality "1"]
[WhiteTeam "Lubin Miedziany Skoczek"]
[BlackTeam "Gant Hetman"]
[WhiteTeamCountry "POL"]
[BlackTeamCountry "POL"]

1. e4 c5 2. a3 Nc6 3. b4 cxb4 4. axb4 Nxb4 5. c3 Nc6 6. d4 d5 7. e5 Bf5 8. Bd3 Qd7 9. Ba3 f6 10. f4 Nh6 11. h3 Nf7 12. g4 Bxd3 13. Qxd3 g5 14. exf6 gxf4 15. fxe7 Bxe7 16. Ne2 Ng5 17. Nxf4 0-0-0 18. Qf5 Qxf5 19. gxf5 Bxa3 20. Nxa3 Rhf8 21. 0-0-0 Rxf5 22. Nd3 Ne4 23. Nb1 Rdf8 24. Rhg1 Rf3 25. h4 Rh3 26. Rg4 h5 27. Rf4 Rf3 28. Rxf8+ Rxf8 29. Ne5 Rf2 30. Rg1 Rh2 31. Rg8+ Kc7 32. Rg7+ Kb6 33. Nf3 Rh3 34. Ng5 Rxh4 35. Nxe4 dxe4 36. Rg6 Kb5 37. Rg5+ Ka4 38. d5 Na5 39. d6 e3 40. Re5 1/2-1/2

[Event "POL-chT3 Dolnoslaskie 1415"]
[Site "Poland"]
[Date "2015.02.08"]
[Round "6.15"]
[White "Kolasinski, Krzysztof"]
[Black "Bienias, Piotr"]
[Result "1/2-1/2"]
[WhiteElo "2035"]
[BlackElo "1963"]
[PlyCount "59"]
[EventDate "2014.10.26"]
[EventType "team-tourn"]
[EventRounds "11"]
[EventCountry "POL"]
[SourceTitle "EXT 2018"]
[Source "ChessBase"]
[SourceDate "2017.10.13"]
[SourceVersion "1"]
[SourceVersionDate "2017.10.13"]
[SourceQuality "1"]
[WhiteTeam "Kopernik WKS"]
[BlackTeam "Gant Hetman"]
[WhiteTeamCountry "POL"]
[BlackTeamCountry "POL"]

1. e4 c5 2. Nf3 d6 3. d4 cxd4 4. Nxd4 Nf6 5. Nc3 g6 6. Be3 Bg7 7. f3 Nc6 8. Qd2 0-0 9. Bc4 Bd7 10. h4 Rc8 11. Bb3 h5 12. 0-0-0 Ne5 13. Bh6 Nc4 14. Bxc4 Rxc4 15. Bxg7 Kxg7 16. Kb1 Qa5 17. Nb3 Qc7 18. g4 hxg4 19. h5 Rxc3 20. bxc3 gxf3 21. hxg6 fxg6 22. Rdg1 Kf7 23. Rg3 Bg4 24. Qg5 Bh5 25. Rxh5 gxh5 26. Qg6+ Ke6 27. Qf5+ Kf7 28. Qg6+ Ke6 29. Qf5+ Kf7 30. Qg6+ 1/2-1/2

[Event "POL-chT 2nd League"]
[Site "Lazy"]
[Date "2012.09.07"]
[Round "7"]
[White "Paszewski, Mateusz"]
[Black "Bienias, Piotr"]
[Result "0-1"]
[WhiteElo "2063"]
[BlackElo "1769"]
[PlyCount "78"]
[EventDate "2012.09.01"]
[EventType "team-swiss"]
[EventRounds "9"]
[EventCountry "POL"]
[SourceTitle "EXT 2019"]
[Source "ChessBase"]
[SourceDate "2018.10.10"]
[SourceVersion "1"]
[SourceVersionDate "2018.10.10"]
[SourceQuality "1"]
[WhiteTeam "Czestochowa UKS Hetman"]
[BlackTeam "Gant Hetman"]
[WhiteTeamCountry "POL"]
[BlackTeamCountry "POL"]

1. c4 Nf6 2. g3 g6 3. Bg2 Bg7 4. Nc3 d6 5. e3 0-0 6. Nge2 e5 7. 0-0 c6 8. Rb1 Be6 9. d3 d5 10. cxd5 Nxd5 11. a3 Nd7 12. Nxd5 Bxd5 13. Bxd5 cxd5 14. d4 e4 15. Qb3 Nb6 16. Bd2 Qd7 17. Rfc1 g5 18. Kg2 Rfe8 19. Qd1 Re6 20. b3 Bf8 21. a4 Rh6 22. Ng1 f5 23. Ba5 Qf7 24. Bxb6 axb6 25. h3 Bd6 26. Rc3 Re8 27. Kf1 f4 28. exf4 gxf4 29. gxf4 Bxf4 30. Ne2 Bd6 31. Qc1 Rf6 32. Qg5+ Kh8 33. Qh4 Rf8 34. f4 exf3 35. Ng3 Bxg3 36. Qxg3 Rg8 37. Qe5 Qg7 38. Ke1 Qg1+ 39. Kd2 Rg2+ 0-1

[Event "POL-ch Amateur"]
[Site "Wroclaw"]
[Date "2012.06.22"]
[Round "1"]
[White "Bes, Michal"]
[Black "Bienias, Piotr"]
[Result "1/2-1/2"]
[WhiteElo "1976"]
[BlackElo "1689"]
[PlyCount "96"]
[EventDate "2012.06.22"]
[EventType "swiss"]
[EventRounds "7"]
[EventCountry "POL"]
[SourceTitle "EXT 2013"]
[Source "ChessBase"]
[SourceDate "2012.11.22"]
[SourceVersion "1"]
[SourceVersionDate "2012.11.22"]
[SourceQuality "1"]

1. e4 c5 2. Nf3 d6 3. Bb5+ Nd7 4. 0-0 a6 5. Bxd7+ Bxd7 6. d4 cxd4 7. Nxd4 Nf6 8. Re1 Qc7 9. Nc3 e6 10. Bg5 Be7 11. Qd3 0-0 12. Rad1 Rfd8 13. f4 Qc5 14. Kh1 Be8 15. Qf3 b5 16. Nb3 Qc6 17. e5 Qxf3 18. gxf3 dxe5 19. fxe5 Nd5 20. Bxe7 Nxe7 21. Kg2 Rac8 22. Rxd8 Rxd8 23. Nc5 Ng6 24. Nxa6 Rd2+ 25. Kg3 Rxc2 26. Rd1 Kf8 27. Nc7 Bc6 28. Rd6 Bd5 29. N7xd5 exd5 30. Nxd5 Ke8 31. e6 fxe6 32. Rxe6+ Kf7 33. Ra6 Rxb2 34. h4 Ne5 35. Ra7+ Kf8 36. Nf4 g6 37. Ne6+ Ke8 38. Rxh7 Rxa2 39. Nc7+ Kf8 40. Nxb5 Nf7 41. Nc3 Ra6 42. h5 g5 43. h6 Rxh6 44. Rxh6 Nxh6 45. Ne4 Nf5+ 46. Kg4 Nd4 47. Nxg5 Nxf3 48. Nxf3 Ke8 1/2-1/2